000 00294nam a22001337a 4500
008 170717b xxu||||| |||| 00| 0 eng d
020 _a0804230838
041 _aeng
080 _a2
100 _a24
101 _aTEO
245 _aTHE LAYMAN'S BIBLE COMMENTARY
_cROLSTON, H
942 _2udc
_cBK
999 _c21369
_d21369